Logo BPK

Biblioteka

Politechniki Koszalińskiej

Scjentyzm i kryzys scjentyzmu / (Rekord nr 30077)

Szczegóły MARC
000 -ETYKIETA REKORDU
podpole kontrolne o stałej długości 00788nam a2200217 i 4500
001 - NUMER KONTROLNY REKORDU
pole kontrolne bg
040 ## - ŹRÓDŁO KATALOGOWANIA
Instytucja, która utworzyła rekord BPK
041 ## - KOD JĘZYKA
Kod języka tekstu pol
080 ## - UNIWERSALNA KLASYFIKACJA DZIESIĘTNA - UKD
UKD 1:001]"19"(091)
008 - POLE O STAŁEJ DŁUGOŚCI - DANE KONTROLNE
podpole kontrolne o stałej długości s pl f |000 0 pol
100 1# - NAZWA OSOBOWA
Nazwa osobowa REUT, aria.
245 #0 - TYTUŁ/ODPOWIEDZIALNOŚĆ
Tytuł Scjentyzm i kryzys scjentyzmu /
Pozostałe elementy strefy tytułu i oznaczenia odpowiedzialności Maria Reut.
260 ## - STREFA ADRESU WYDAWNICZEGO
Miejsce wydania Wrocław :
Nazwa wydawcy/dystrybutora Wydaw. PW,
Data publikacji, dystrybucji/powstania dokumentu 1992.
300 ## - STREFA OPISU FIZYCZNEGO
Objętość 34, [1] s. ;
Rozmiary 24 cm.
490 1# - STREFA SERII I DOKUMENTU WIELOCZĘŚCIOWEGO - FORMA NIE DO WYSZUKIWANIA
Tytuł i oznaczenie odpowiedzialności serii Prace Naukowe Instytutu Nauk Ekonomiczno-Społecznych Politechniki Wrocławskiej. Monografie,
Numeracja w obrębie serii 30
500 ## - UWAGI OGÓLNE
Tekst uwagi Ser. gł. : 0239-3204 ; 44.
504 ## - UWAGA DOTYCZĄCA BIBLIOGRAFII
Informacje o bibliografii Bibliogr. s. 33-34.
710 ## - HASŁO DODATKOWE - NAZWA CIAŁA ZBIOROWEGO
Nazwa ciała zbiorowego lub jednostki geograficznej POLITECHNIKA WROCŁAWSKA (Wrocław). Instytut Nauk Ekonomiczno-Społecznych
830 #0 - HASŁO DODATKOWE SERII LUB DOKUMENTU WIELOCZĘŚCIOWEGO - TYTUŁ UJEDNOLICONY
Tytuł ujednolicony Prace Naukowe Instytutu Nauk Ekonomiczno-Społecznych Politechniki Wrocławskiej.
Nazwa części/sekcji dzieła Monografie ;
Oznaczenie tomu 30
856 ## - LOKALIZACJA I DOSTĘP DO ELEKTRONICZNYCH DOKUMENTÓW ZDALNYCH
Link (URL) http://koha.tu.koszalin.pl/cgi-bin/koha/opac-detail.pl?biblionumber=30077
Tekst linku Katalog online BPK
942 ## - DODATKOWE ELEMENTY (KOHA)
Typ dokumentu Książka
Egzemplarze
Wycofany Status egzemplarza Uszkodzony Dostępność Lokalizacja stała Lokalizacja bieżąca Miejsce przechowywania Sygnatura Kod kreskowy Typ dokumentu
      Dostępny Biblioteka Politechniki Koszalińskiej Biblioteka Politechniki Koszalińskiej Wypożyczalnia BG 36603 01593235 Książka
© 2023 Biblioteka Politechniki Koszalińskiej :: KOHA